A gateway to CPO (Record no. 83606)
[ view plain ]
| 000 -LEADER | |
|---|---|
| fixed length control field | 00899cab a22001935a 4500 |
| 001 - CONTROL NUMBER | |
| control field | L154412 |
| 008 - FIXED-LENGTH DATA ELEMENTS--GENERAL INFORMATION | |
| fixed length control field | 111128e20111019xxk 000 0 eng d |
| 035 ## - SYSTEM CONTROL NUMBER | |
| System control number | (Sirsi) u154412 |
| 041 0# - LANGUAGE CODE | |
| Language code of text/sound track or separate title | eng |
| 100 1# - MAIN ENTRY--PERSONAL NAME | |
| Personal name | Lawes, Graeme |
| 245 02 - TITLE STATEMENT | |
| Title | A gateway to CPO |
| 260 ## - PUBLICATION, DISTRIBUTION, ETC. | |
| Date of publication, distribution, etc. | 2011 |
| 490 ## - SERIES STATEMENT | |
| Series statement | Estates Gazette |
| Volume/sequential designation | (1146) 19 November 2011, 96-98(3) |
| 520 ## - SUMMARY, ETC. | |
| Summary, etc. | Argues that Compulsory Purchase Orders (CPO) are useful facilitors for change and authorities should not be prevented from using them by the experience of Bromley by Bow. Here in March 2010 the London Thames Gateway Development Corporation applied for a CPO to regenerate 5.4ha of land on the edge of the Olympic Park; this project was rejected in August 2011. |
| 590 ## - LOCAL NOTE (RLIN) | |
| Local note | KA |
| 651 #4 - SUBJECT ADDED ENTRY--GEOGRAPHIC NAME | |
| Geographic name | England and Wales |
| Chronological subdivision | 1543- |
| 690 ## - LOCAL SUBJECT ADDED ENTRY--TOPICAL TERM (OCLC, RLIN) | |
| Topical term or geographic name as entry element | ENVIRONMENTAL AND LAND CONSULTANCY-PLANNING AND DEVELOPMENT-COMPULSORY PURCHASE AND COMPENSATION |
| 942 ## - ADDED ENTRY ELEMENTS (KOHA) | |
| Suppress in OPAC | 0 |
| Withdrawn status | Lost status | Source of classification or shelving scheme | Damaged status | Not for loan | Home library | Current library | Shelving location | Date acquired | Total Checkouts | Full call number | Barcode | Date last seen | Copy number | Price effective from | Koha item type |
|---|---|---|---|---|---|---|---|---|---|---|---|---|---|---|---|
| Dewey Decimal Classification | London | London | Journal article | 28/11/2011 | L154412 | 154412-1001 | 06/08/2019 | 1 | 06/08/2019 | Journal article |